Ježko Sonic = Sonic the Hedgehog. Nákaza /
Další komiksová dobrodružství ježka Sonica známého z videoher a animovaných seriálů.
Uloženo v:
| Hlavní autor: | |
|---|---|
| Další autoři: | , , , , |
| Médium: | E-kniha |
| Jazyk: | Slovak |
| Vydáno: |
Praha :
Albatros Media a.s.,
2024
|
| Vydání: | Prvé vydanie |
| Témata: | |
| Tagy: |
Žádné tagy |
| LEADER | 02746nam a2200553 i 4500 | ||
|---|---|---|---|
| 001 | 312427 | ||
| 003 | CZ PrSKC | ||
| 005 | 20260601215722.0 | ||
| 007 | ta | ||
| 008 | 240607s2024 xr a b 6 000 1 slo | ||
| 015 | |a cnb003609569 | ||
| 020 | |a 9788025257791 |q (brožováno) | ||
| 035 | |a (OCoLC)1451769641 | ||
| 040 | |a ABG001 |b cze |d BOA001 |e rda | ||
| 041 | 1 | |a slo |h eng | |
| 072 | 7 | |a 741.52 |x Komiksy. Komiksové adaptace |2 Konspekt | |
| 072 | 7 | |a 821-93 |x Literatura pro děti a mládež (beletrie) |2 Konspekt | |
| 080 | |a 741.52(0:82-321.3) |2 MRF | ||
| 080 | |a 821-93 |2 MRF | ||
| 100 | 1 | |a Flynn, Ian, |d 1982- |7 xx0263812 |4 aut | |
| 240 | 1 | 0 | |a Infection. |l Slovensky |
| 245 | 1 | 0 | |a Ježko Sonic = |b Sonic the Hedgehog. |p Nákaza / |c autor Ian Flynn ; kresby Adam Bryce Thomas, Tracy Yardley, Jack Lawrence, Diana Skelly ; z anglického originálu ... do slovenčiny preložila Zuzana Močková Lorková |
| 246 | 3 | 0 | |a Nákaza |
| 246 | 3 | 1 | |a Sonic the Hedgehog |
| 250 | |a Prvé vydanie | ||
| 264 | 1 | |a Praha : |b Albatros Media a.s., |c 2024 | |
| 300 | |a 95 nečíslovaných stran : |b barevné ilustrace ; |c 26 cm | ||
| 336 | |a text |b txt |2 rdacontent | ||
| 336 | |a statický obraz |b sti |2 rdacontent | ||
| 337 | |a bez média |b n |2 rdamedia | ||
| 338 | |a svazek |b nc |2 rdacarrier | ||
| 500 | |a Na titulní stránce uveden držitel práv: Sega | ||
| 500 | |a Na hřbetu číslo svazku v sérii: 4 | ||
| 520 | 2 | |a Další komiksová dobrodružství ježka Sonica známého z videoher a animovaných seriálů. |b Zákeřná dvojka Rough a Tumble jsou zpět a touží se pomstít Sonicovi. A nejsou sami! Jeden ze Sonicových úhlavních nepřátel se vrátil a se svými děsivými spojenci stvořil hrozbu, která má ovládnout svět! Dokáže jí Sonic odolat? Nakladatelská anotace. Kráceno. | |
| 521 | 8 | |a Pro děti od 8 let | |
| 655 | 7 | |a akční a dobrodružné komiksy |7 fd1057471 |2 czenas | |
| 655 | 7 | |a publikace pro děti |7 fd133156 |2 czenas | |
| 655 | 9 | |a action and adventure comics |2 eczenas | |
| 655 | 9 | |a children's literature |2 eczenas | |
| 700 | 1 | |a Thomas, Adam Bryce, |d 1988- |7 xx0307852 |4 ill | |
| 700 | 1 | |a Yardley!, Tracy, |d 1979- |7 xx0307847 |4 ill | |
| 700 | 1 | |a Lawrence, Jack, |d 1975- |7 xx0245696 |4 ill | |
| 700 | 1 | |a Skelly, Diana |7 xx0318515 |4 ill | |
| 700 | 1 | |a Močková Lorková, Zuzana |7 ola20241219110 |4 trl | |
| 900 | |a ABA001 |b 20 | ||
| 044 | |a xr | ||
| 910 | |a RBIT002 | ||
| 998 | |d 406387 |a https://core.palmknihy.cz/api/books/406387/cover?sp6gtn |b https://core.palmknihy.cz/api/books/406387/cover/400?sp6gtn |c https://core.palmknihy.cz/api/books/406387/cover/50?sp6gtn |e 2027-06-30 |g 96 |i 9788025257791 |k https://core.palmknihy.cz/api/books/406387/preview.pdf |l |q 49 |r 1 |s https://www.palmknihy.cz/kniha/406387 |t ebook |y 2024 |z 0 | ||
| 999 | |d 312425 | ||